|
|
|
|
| LEADER |
00966cam a2200277 a 4500 |
| 001 |
13742392 |
| 005 |
20150921020002.0 |
| 008 |
111229s2004 enk b 000 0 eng d |
| 010 |
|
|
|a 2004302825
|
| 015 |
|
|
|a GBA4-Y0605
|
| 020 |
|
|
|a 0745630553
|
| 020 |
|
|
|a 0745630561 (pbk.)
|a 0745621015
|
| 035 |
|
|
|a (OCoLC)ocm56383081
|
| 040 |
|
|
|a ERL
|c ERL
|d UAB
|d DLC
|d BD-DhAAL
|
| 042 |
|
|
|a lccopycat
|
| 082 |
0 |
0 |
|a 320
|2 22
|
| 245 |
0 |
0 |
|a What is politics? :
|b the activity and its study /
|c edited by Adrian Leftwich.
|
| 260 |
|
|
|a Oxford ;
|a New Delhi :
|b Polity ;
|b Atlantic Publishers,
|c 2004.
|
| 300 |
|
|
|a xiii, 199 p. ;
|c 23 cm.
|
| 504 |
|
|
|a Includes bibliographical references.
|
| 541 |
|
|
|e 00014484
|
| 650 |
|
0 |
|a Political science.
|9 1709
|
| 700 |
1 |
|
|a Leftwich, Adrian.
|9 1710
|
| 942 |
|
|
|2 ddc
|c BK
|0 1
|
| 999 |
|
|
|c 11698
|d 11698
|
| 952 |
|
|
|0 0
|1 0
|2 ddc
|4 0
|6 320_WHA
|7 0
|9 19023
|a BRACUL
|b BRACUL
|c GEN
|d 2011-12-29
|l 14
|m 43
|o 320 WHA
|p 3010014484
|r 2026-05-14
|s 2026-04-23
|t 1
|w 2011-12-29
|y BK
|